LEADER 00802nam a2200229 i 4500 001 000000230588 003 CaOOAMICUS 005 20140612000000.0 008 140612s1943 it u000 u ita u 013 $a209490 040 $aSeMil$bita 245 10$aCon Gesł risorto. 260 $aComo :$bEmo Cavalleri,$cstampa 1943. 300 $a61 p. ;$c14 cm. 500 $aFondo card. Giovanni Colombo. 650 4$aGesł Cristo - Risurrezione - Meditazioni.$0(OLS)http://semarc/subject/17330 850 $aSeMil 852 $aSeMil$W1$xVenegono$y1$m3GC I 180$j180934$B180934$CSeMilBibl$Z2$F192699 $8B 941 1 $a3 961 $aLascito: Colombo Card. Giovanni 996 $6245$aCon Gesł risorto$9(OLS)http://semarc/title/329440 996 $6260$aComo :$bEmo Cavalleri$9(OLS)http://semarc/publisher/38200 LEADER 01143nam a2200217 i 4500 001 000000049985 003 CaOOAMICUS 005 20121114000000.0 008 121114s1899 xx u000 u lat u 013 $a21156 040 $aSeMil$bita 100 1 $aBucceroni, Gennaro .$0(OLS)http://semarc/name/89958 245 10$aCommentarii De casibus reservatis, De censuris, de C. Pii 9. Apostolicae Sedis, De C. Benedicti 14. Sacramentum Poenitentiae, De absolutione danda, differenda, deneganda /$cIanuarii Bucceroni. 250 $aEd. 5. 260 $aRomae :$bTypographia della pace, Philippi Cuggiani,$c1899. 300 $a319 p. ;$c25 cm. 650 4$aTeologia morale.$0(OLS)http://semarc/subject/91 850 $aSeMil 852 $aSeMil$W1$xVenegono$y1$m2E IV 6 FA$j16140$B16140$CSeMilBibl$Z2$F16140 $8I 996 $6245$aCommentarii De casibus reservatis, De censuris, de C. Pii 9. Apostolicae Sedis, De C. Benedicti 14. Sacramentum Poenitentiae, De absolutione danda, differenda, deneganda$9(OLS)http://semarc/title/76229 996 $6260$aRomae :$bTypographia della pace, Philippi Cuggiani$9(OLS)http://semarc/publisher/41177